000 00847nam a2200193 a 4500
008 080331s1998 ||||||||||||||||| || u
050 _aIBRD(08)DP
100 _aRuitenbeek, Jack: Motta, Ronaldo Seroa Da
245 1 0 _aMarket-based instruments for environmental policymaking in latin america and the carribbean: lessons from eleven countries
260 _aWashington, D. C.
_bWorld Bank
_c1998
300 _avii, 79p. :ill.
350 _a0.00
490 _aWorld Bank Discussion Papers
650 0 _aECONOMICS
650 0 _aENVIRONMENTAL POLICY--ECONOMIC ASPECTS--CARIBBEAN AREA
650 0 _aENVIRONMENTAL POLICY--ECONOMIC ASPECTS--LATIN AMERICA
700 _aHuber, Richard M
995 _D0.00
_FCBU-MAIN LIBRARY (Kitwe)
_H1
_I0.00
_M1
_UAVAILABLE
_WMar 31, 2008
_ZInternational Publications
999 _c50364
_d50364